<?xml version="1.0" encoding="UTF-8"?>
<collection xmlns="http://www.loc.gov/MARC21/slim">
 <record>
  <leader>01307nam a2200289 a 4500</leader>
  <controlfield tag="001">3939032</controlfield>
  <controlfield tag="008">091102s1992    bg       b    100 0 eng d</controlfield>
  <datafield tag="010" ind1=" " ind2=" ">
   <subfield code="a">   92912120 </subfield>
  </datafield>
  <datafield tag="020" ind1=" " ind2=" ">
   <subfield code="a">9840800949 :</subfield>
   <subfield code="c">Tk375.00</subfield>
  </datafield>
  <datafield tag="040" ind1=" " ind2=" ">
   <subfield code="a">DLC</subfield>
   <subfield code="c">DLC</subfield>
   <subfield code="d">DLC</subfield>
  </datafield>
  <datafield tag="082" ind1="0" ind2="0">
   <subfield code="a">303.4/825405492</subfield>
   <subfield code="2">20</subfield>
  </datafield>
  <datafield tag="245" ind1="0" ind2="0">
   <subfield code="a">Bangladesh and SAARC :</subfield>
   <subfield code="b">issues, perspectives, and outlook /</subfield>
   <subfield code="c">edited by Iftekharuzzaman, Imtiaz Ahmed.</subfield>
  </datafield>
  <datafield tag="260" ind1=" " ind2=" ">
   <subfield code="a">Dhaka :</subfield>
   <subfield code="b">Academic Publishers,</subfield>
   <subfield code="c">c1992.</subfield>
  </datafield>
  <datafield tag="300" ind1=" " ind2=" ">
   <subfield code="a">xiii, 350 p. ;</subfield>
   <subfield code="c">23 cm.</subfield>
  </datafield>
  <datafield tag="500" ind1=" " ind2=" ">
   <subfield code="a">&quot;Bangladesh Institute of International and Strategic Studies&quot;--T.p. verso.</subfield>
  </datafield>
  <datafield tag="520" ind1=" " ind2=" ">
   <subfield code="a">Papers presented at a seminar held on 23-24 August 1992.</subfield>
  </datafield>
  <datafield tag="504" ind1=" " ind2=" ">
   <subfield code="a">Includes bibliographical references.</subfield>
  </datafield>
  <datafield tag="541" ind1="1" ind2=" ">
   <subfield code="e">00008383</subfield>
  </datafield>
  <datafield tag="610" ind1="2" ind2="0">
   <subfield code="a">South Asian Association for Regional Cooperation</subfield>
   <subfield code="x">Congresses.</subfield>
  </datafield>
  <datafield tag="651" ind1=" " ind2="0">
   <subfield code="a">South Asia</subfield>
   <subfield code="x">Relations</subfield>
   <subfield code="z">Bangladesh</subfield>
   <subfield code="x">Congresses.</subfield>
  </datafield>
  <datafield tag="651" ind1=" " ind2="0">
   <subfield code="a">Bangladesh</subfield>
   <subfield code="x">Relations</subfield>
   <subfield code="z">South Asia</subfield>
   <subfield code="x">Congresses.</subfield>
  </datafield>
  <datafield tag="700" ind1="0" ind2=" ">
   <subfield code="a">Iftekharuzzaman.</subfield>
  </datafield>
  <datafield tag="700" ind1="1" ind2=" ">
   <subfield code="a">Ahmed, Imtiaz,</subfield>
   <subfield code="d">1958-</subfield>
  </datafield>
  <datafield tag="710" ind1="2" ind2=" ">
   <subfield code="a">Bangladesh Institute of International and Strategic Studies.</subfield>
  </datafield>
  <datafield tag="852" ind1="4" ind2=" ">
   <subfield code="a">Ayesha Abed Library </subfield>
   <subfield code="j">General Shelf.</subfield>
  </datafield>
  <datafield tag="999" ind1=" " ind2=" ">
   <subfield code="c">5015</subfield>
   <subfield code="d">5015</subfield>
  </datafield>
  <datafield tag="952" ind1=" " ind2=" ">
   <subfield code="0">0</subfield>
   <subfield code="1">0</subfield>
   <subfield code="2">ddc</subfield>
   <subfield code="4">0</subfield>
   <subfield code="6">303_482540549200000_BAN_1992</subfield>
   <subfield code="7">0</subfield>
   <subfield code="8">NFIC</subfield>
   <subfield code="9">4840</subfield>
   <subfield code="a">BRACUL</subfield>
   <subfield code="b">BRACUL</subfield>
   <subfield code="c">GEN</subfield>
   <subfield code="d">2009-11-03</subfield>
   <subfield code="g">375.00</subfield>
   <subfield code="l">0</subfield>
   <subfield code="o">303.4825405492 BAN</subfield>
   <subfield code="p">3010008383</subfield>
   <subfield code="r">2009-11-03</subfield>
   <subfield code="t">1</subfield>
   <subfield code="v">750.00</subfield>
   <subfield code="w">2009-11-03</subfield>
   <subfield code="y">BK</subfield>
  </datafield>
 </record>
</collection>
